| 000 | 01398nab a22002657a 4500 | ||
|---|---|---|---|
| 999 |
_c5678 _d5678 |
||
| 003 | OSt | ||
| 005 | 20251226231634.0 | ||
| 008 | 190603e xxum|||| |||| 00| 0 spa d | ||
| 040 | _cPJ | ||
| 100 |
_96323 _aAlferillo, Pascual E. |
||
| 245 | 1 | 3 |
_aLas monedas sin curso legal en el régimen monetario argentino. A diez años de vigencia del Código Civil y Comercial / _cPascual E. Alferillo. |
| 260 |
_cCiudad Autónoma de Buenos Aires : _aThomson Reuters La Ley, _b2025. |
||
| 300 | _ap. 75-85 | ||
| 500 | _aCita: TR LALEY AR/DOC/1770/2025 Publicado en: RCCyC 2025 (agosto). | ||
| 505 | _aSumario: I. Introducción.— II. Situación precedente a la sanción del Cód. Civ. y Com.— III. El régimen monetario del Cód. Civ. y Com.— IV. Las modificaciones de los arts. 765 y 766 por el DNU-2023-70-APN-PTE.— V. Reflexiones finales. | ||
| 505 | _t¿Te interesa el texto completo? Solicitalo al correo: koha@justierradelfuego.gov.ar | ||
| 650 | 0 |
_91497 _aCODIGO CIVIL Y COMERCIAL |
|
| 650 | 0 |
_92068 _aOBLIGACIONES EN MONEDA EXTRANJERA |
|
| 650 | 0 |
_9530 _aOBLIGACIONES DE DAR SUMAS DE DINERO |
|
| 650 | 0 |
_93790 _aACTUALIZACIÓN MONETARIA |
|
| 650 | 0 |
_92528 _aACTOS JURÍDICOS |
|
| 650 | 0 |
_96629 _aMONEDA DE CURSO LEGAL |
|
| 773 | 0 |
_02713 _93170 _dCiudad Autónoma de Buenos Aires : Thomson Reuters La Ley, 2015- _tRevista Código Civil y Comercial. Nº 4 - Agosto 2025 |
|
| 942 |
_2udc _cANA |
||